Propuesta de rediseño de escuela primaria Helena Ortiz de Flores, Masaya.
En el siguiente trabajo monográfico trata sobre el desarrollo del anteproyecto de la escuela Helena Ortiz de Flores ubicada en el barrio Monimbo del municipio de Masaya investigando las normativas en el marco de educación para conocer las características que debe cumplir la infraestructura determ...
| Main Authors: | , |
|---|---|
| Other Authors: | |
| Format: | Tesis Section = Libro |
| Language: | Undetermined Spanish |
| Published: |
Managua
UNI
2023
|
| Subjects: |
| LEADER | 01171nam a2200241Ia 4500 | ||
|---|---|---|---|
| 008 | 240830s9999 xx 000 0 und d | ||
| 040 | |a BIBLIOTECA-RUSB/ Mon 727.1 G643 2023 | ||
| 041 | |a spa | ||
| 082 | |a Mon 727.1 G643 2023 | ||
| 100 | 1 | |a González Ruiz, Teresa Isabel | |
| 100 | 1 | |b Espinoza Arauz, Xóchitl del Carmen | |
| 245 | 1 | 0 | |a Propuesta de rediseño de escuela primaria Helena Ortiz de Flores, Masaya. |
| 260 | |a Managua |b UNI |c 2023 | ||
| 300 | |a 49 p.: il. | ||
| 500 | |a Contiene: anexos y CD. | ||
| 502 | |a Tesis (Arquitecto) - UNI, 2023. | ||
| 520 | 3 | |a En el siguiente trabajo monográfico trata sobre el desarrollo del anteproyecto de la escuela Helena Ortiz de Flores ubicada en el barrio Monimbo del municipio de Masaya investigando las normativas en el marco de educación para conocer las características que debe cumplir la infraestructura determinando las necesidades y problemáticas de la escuela a través del diagnóstico arquitectónico. | |
| 650 | 7 | |a CONSTRUCCION DE CENTROS ESCOLARES – PRIMARIA | |
| 650 | 7 | |b ESCUELAS PRIMARIAS – DISEÑO | |
| 700 | 1 | |a Tutor: |b Rivera, Arlen | |
| 942 | |c BK |2 ddc | ||
| 991 | |a TESIS | ||
| 999 | |c 27825 | ||